Audiencias célebres de todos los tiempos (Record no. 1567)
[ view plain ]
| 000 -LEADER | |
|---|---|
| campo de control de longitud fija | 01347nam a22002177a 4500 |
| 003 - IDENTIFICADOR DE NÚMERO DE CONTROL | |
| campo de control | CoMeUDC |
| 005 - FECHA Y HORA DE LA ÚLTIMA TRANSACCIÓN | |
| campo de control | 20220608115847.0 |
| 008 - DATOS DE LONGITUD FIJA--INFORMACIÓN GENERAL | |
| campo de control de longitud fija | 970828s1980 col 00010 d |
| 037 ## - FUENTE DE ADQUISICIÓN | |
| Número de adquisición | C |
| 040 ## - FUENTE DE CATALOGACIÓN | |
| Centro/agencia transcriptor | CO-UdeC |
| 082 ## - NÚMERO DE LA CLASIFICACIÓN DECIMAL DEWEY | |
| Número de clasificación | 340.089 |
| Número de ítem | O42 |
| 100 20 - ENTRADA PRINCIPAL--NOMBRE DE PERSONA | |
| Nombre de persona | Olano Valderrama, Carlos Alberto |
| 245 10 - MENCIÓN DEL TÍTULO | |
| Título | Audiencias célebres de todos los tiempos |
| Mención de responsabilidad, etc. | / selección, tr. y notas de Carlos Alberto Olano Valderrama. |
| 260 ## - PUBLICACIÓN, DISTRIBUCIÓN, ETC. | |
| Lugar de publicación, distribución, etc. | Bogotá : |
| Nombre del editor, distribuidor, etc. | Imprenta y publicaciones de las fuerzas militares, |
| Fecha de publicación, distribución, etc. | 1977. |
| 300 ## - DESCRIPCIÓN FÍSICA | |
| Extensión | 1 v. ; 596 p. : |
| Dimensiones | 24 cm. |
| 501 ## - NOTA DE CON | |
| Nota de "Con" | Incluye índice general. |
| 505 ## - NOTA DE CONTENIDO CON FORMATO | |
| Nota de contenido con formato | Contenido: v.1. Los oradores y la multitud. Luis XVI acusado ante la Asamblea Nacional. Victor Hugo defiende a su hijo Carlos acusado por el delito "desacato a la ley". Francisco Carrara defiende a varios procesados por petición de Giuseppe de Garibaldi. El profesor Alfredo de Marsico defiende a un parricida. La condesa María Tiepolo mata en defensa del honor. Cruenta lucha entre terratenientes y campesinos. La degeneración como causa del delito. Infortunio quirúrgico. Proceso extraordinario contra Alfa Giubelli. El tránsito de ofensor a víctima. Humberto Trotta homicida de un amigo. Muerte violenta de un periodista. El fin de un perdulario. La codicia y el crimen. |
| 546 ## - NOTA DE IDIOMA | |
| Nota de lengua/lenguaje | Español. |
| 650 ## - PUNTO DE ACCESO ADICIONAL DE MATERIA--TÉRMINO DE MATERIA | |
| Término de materia o nombre geográfico como elemento de entrada | PROCESOS CRIMINALES |
| 942 ## - ELEMENTOS DE ENTRADA SECUNDARIOS (KOHA) | |
| Fuente del sistema de clasificación o colocación | Clasificación Decimal Dewey |
| Tipo de ítem Koha | Libros |
| Estatus retirado | Estado de pérdida | Fuente del sistema de clasificación o colocación | Estado de daño | No para préstamo | Colección | Biblioteca de origen | Biblioteca actual | Fecha de adquisición | Fuente de adquisición | Signatura topográfica completa | Código de barras | Visto por última vez | Copia número | Precio de reemplazo | Tipo de ítem Koha |
|---|---|---|---|---|---|---|---|---|---|---|---|---|---|---|---|
| Clasificación Decimal Dewey | Colección general | U DE COLOMBIA - Biblioteca | U DE COLOMBIA - Biblioteca | 08/06/2022 | Donación | 340.089 O42 | 100158 | 08/06/2022 | 1 | 08/06/2022 | Libros |
